| 000 | 00613nam a2200229 a 4500 | ||
|---|---|---|---|
| 001 | 69375 | ||
| 003 | BD-RjUL | ||
| 005 | 20211209081858.0 | ||
| 008 | 170411s1991 ii a 101 0 eng d | ||
| 035 | _a(BD-RjUL)69586 | ||
| 040 |
_aDLC _cDLC _dBD-RjUL _beng |
||
| 041 | _aeng | ||
| 082 | 0 | 0 |
_223 _a621.47 _bRAS 1991 |
| 100 |
_aRai, G. D. _9205526 |
||
| 245 | 0 | 0 |
_aSolar energy utilisation / _bG. D. Rai |
| 260 |
_aDelhi : _bKhhanna Publishers, _c1991. |
||
| 300 |
_axii, 590 p. : _bill. ; _c22 cm. |
||
| 500 | _aIncludes indexes. | ||
| 650 | 0 |
_aSolar energy. _9158969 |
|
| 942 |
_2ddc _cBK |
||
| 999 |
_c69375 _d69375 |
||